000 00458nam a2200193Ia 4500
003 0100
008 130303s9999 xx 000 0 und d
040 _cARRUPELIB
050 _aBX9410.B3231960
100 _aBarth, Karl
245 _aCommunity, State, and Church
245 _bThree Essays
260 _aNY
260 _bDoubleday Anchor Books
260 _C1960
300 _a193p
700 _a, with an Introduction by Will Herberg
942 0 0 _01
999 _c46287
_d46287